Dokąd jadą Rzeszowskie Autobusy - Statystyki

Ogólne statystyki
  • Ten quiz został rozwiązany 176 razy
  • Średni wynik to 28 z 60
Statystyki odpowiedzi
Hint Przystanek początkowy Przystanek końcowy % Poprawnych
0A Kasprowicza Kasprowicza
82%
0B Kasprowicza Kasprowicza
82%
1 Spichlerzowa Krakowska
73%
3 Boguchwała Krakowska
73%
19 Obrońców Poczty Gdańskiej Łukasiewicza
73%
40 Błogosławionej Karoliny Łukasiewicza
73%
61 Łukasiewicza Łukasiewicza
73%
7 Krasne Auchan Dworzec Lokalny
71%
5 Matysowska Lubelska MPK
64%
23 Matuszczaka Lubelska MPK
64%
31 Sikorskiego Lubelska MPK
64%
N3 Lubelska MPK Lubelska MPK
64%
10 Łukasiewicza Błogosławionej Karoliny
61%
27 Cienista Cmentarz Błogosławionej Karoliny
61%
36 Świętego Rocha Błogosławionej Karoliny
61%
42 Błogosławionej Karoliny Błogosławionej Karoliny
61%
17 Wita Stwosza Lwowska Szpital
61%
22 Mrowla Otoka Bardowskiego
60%
41 Potockiego Bardowskiego
60%
18 Łukasiewicza Obrońców Poczty Gdańskiej
57%
24 Matuszczaka Obrońców Poczty Gdańskiej
57%
32 Niepodległości Obrońców Poczty Gdańskiej
57%
N1 Łukasiewicza Obrońców Poczty Gdańskiej
57%
26 Krakowska Cienista Cmentarz
54%
11 Potockiego Matuszczaka
50%
4 Lubelska MPK Krasne Auchan
48%
47 Baligrodzka Dworaka Targ
46%
57 Dworaka Targ Dworaka Targ
46%
30 Matuszczaka Mikołajczyka
46%
29 Trembackiego ZTM Przemysłowa Urząd Celny
46%
39 Bardowskiego Przemysłowa Urząd Celny
46%
59 Trembackiego ZTM Przemysłowa Urząd Celny
46%
51 Bardowskiego Jasionka
45%
53 Bardowskiego Jasionka
45%
13 Lwowska Szpital Wita Stwosza
45%
44 Dworaka Targ Tyczyn
41%
12 Trembackiego ZTM Budziwojska
39%
8 Sikorskiego Warszawska
39%
46 Dworzec Lokalny Słocińska
38%
N2 Błogosławionej Karoliny Słocińska
38%
2 Baligrodzka Kardynała Karola Wojtyły
36%
14 Dworzec Lokalny Kardynała Karola Wojtyły
36%
49 Przemysłowa Urząd Celny Świętego Rocha
35%
20 Bardowskiego Bratkowice
32%
34 Lwowska Szpital Błękitne Wzgórze
31%
37 Trembackiego ZTM Hermanowa Przylasek
31%
6 Słocińska Ustrzycka
31%
43 Przemysłowa Urząd Celny Niepodległości
30%
35 Bardowskiego Kielanówka
28%
48 Cienista Cmentarz Matysowska
28%
58 Mikołajczyka Hermanowa Czerwonki
24%
15 Olbrachta Zwięczycka
23%
28 Lubelska MPK Beskidzka
22%
16 Świętego Rocha Kalinowa
22%
33 Lubelska MPK Kalinowa
22%
9 Olbrachta Staroniwska
22%
52 Bardowskiego Zaczernie
22%
55 Bardowskiego Biznesowa
18%
45 Bardowskiego Mogielnica
18%
54 Bardowskiego Rogożnica
14%
Nie znaleziono quizów pasujących do podanych kryteriów
Rozkład punktacji
Procent ludzi z każdym wynikiem
Percentyl według liczby udzielonych odpowiedzi
Twoja historia wyników
Nie rozwiązałeś tego quizu